Statistics for The USA Quiz - A

Click here to take the quiz!

General Stats

  • This quiz has been taken 333 times
    (297 since last reset)
  • The average score is 20 of 32

Answer Stats

ClueAnswer% Correct
US States beginnning with AAlabama
94%
US States beginnning with AAlaska
93%
US States beginnning with AArkansas
90%
US States beginnning with AArizona
85%
2nd PresidentJohn {Adams}
83%
First Man on the MoonNeil Armstrong
83%
Co founded by Steve JobsApple
83%
6th PresidentJohn Quincy {Adams}
83%
San Fransicso Bay island prisonAlcatraz
81%
Largest online retailerAmazon.com
79%
Invented by the Wright BrothersAirplane
76%
Greatest Boxer, born Cassius ClayMuhammad Ali
76%
Cushions passengers in a collisionAirbag
75%
Dispenses moneyATM
73%
Known for its credit cardsAmerican Express
63%
Largest Cities beginning with AAtlanta
61%
Second Man on the MoonBuzz Aldrin
60%
Twelve Step programAlcoholics Anonymous
60%
The OscarsAcademy Awards
59%
Space Flight to first land on the moonApollo 11
57%
Cools the temperature indoorsAir conditioning
56%
Major LeagueLos Angeles {Angels}
55%
Largest Cities beginning with AAustin
54%
21st PresidentChester A. {Arthur}
51%
Major LeagueHouston {Astros}
47%
NHLOakland {Athletics}
40%
Largest Cities beginning with AAnaheim
33%
NHLColorado {Avalanche}
33%
Largest Cities beginning with AAlbuquerque
31%
Wrote Little WomenLouisa May Alcott
30%
Owner of HollisterAbercrombie & Fitch
26%
Largest Cities beginning with AArlington
19%

Score Distribution

Percentile by Number Answered

Percent of People with Each Score

Your Score History

You have not taken this quiz since the last reset